Estatísticas para Países que Mais Visitam o Brasil

Clique aqui para jogar o quiz

Estatísticas Gerais

  • Esse quiz foi jogado 121 vezes
  • A pontuação média é 14 de 15

Estatísticas das Respostas

TuristasPaís% Correto
590.520Estados Unidos
99%
1.954.725Argentina
98%
391.689Chile
94%
257.504França
93%
126.595Colômbia
92%
176.229Portugal
92%
406.526Paraguai
90%
364.830Uruguai
90%
145.325Espanha
89%
182.587Itália
89%
82.921México
89%
206.882Alemanha
86%
132.069Bolívia
86%
135.880Peru
84%
163.425Reino Unido
79%

Distribuição das Pontuações

Percentil de Números Respondidos

Porcentagem de Pessoas com Cada Pontuação

Sua Pontuação Histórica

Você não jogou esse quiz